000 nam a22 7a 4500
999 _c17688
_d17688
008 161128b xxu||||| |||| 00| 0 eng d
050 _aNA2545 .A3W4 1969
100 _aWeiss, Joseph Douglas
245 _aBetter Buildings for the Aged/
_cJoseph Douglas Weiss
260 _aNew York:
_bHopkinson and Blake Publishers,
_c1969
300 _a286p. :
_bill. ;
_ccm
500 _aIncludes bibliographical references.
650 _aArchitecture.
942 _2lcc
_cBOOKS
_hNA2545 .A3W4 1969